000 00383nam a2200157Ia 4500
008 221030s9999 xx 000 0 und d
020 _a0071164898
041 _aEnglish
082 _a105.23
_bBal
100 _aD. K. Linder
245 0 _aIntroduction to Signals & Systems
_cby D. K. Linder
260 _bTMH
_aNew Delhi
_c2006
300 _a969
650 _aComputers
942 _cBK
999 _c3924
_d3924